| 000 | 00403nam a22001577a 4500 | ||
|---|---|---|---|
| 003 | LK-CoDNM | ||
| 005 | 20240919142921.0 | ||
| 008 | 240816b |||||||| |||| 00| 0 eng d | ||
| 040 |
_aLK-CoDNM _dLK-CoDNM _eLK-CoDNM |
||
| 041 | _aeng | ||
| 080 | _bGP1901 | ||
| 245 |
_aThe new law reports - 1991 _bvol 4 |
||
| 260 |
_aColombo _bGovernment printers _c1901 |
||
| 300 | _blii, 383p. ; 24 cm | ||
| 942 | _cBK | ||
| 999 |
_c148255 _d148255 |
||